<?xml version="1.0" encoding="UTF-8"?>
<record
    xmlns:xsi="http://www.w3.org/2001/XMLSchema-instance"
    xsi:schemaLocation="http://www.loc.gov/MARC21/slim http://www.loc.gov/standards/marcxml/schema/MARC21slim.xsd"
    xmlns="http://www.loc.gov/MARC21/slim">

  <leader>03547cam a2200361 i 4500</leader>
  <controlfield tag="001">17794129</controlfield>
  <controlfield tag="003">OSt</controlfield>
  <controlfield tag="005">20230929154152.0</controlfield>
  <controlfield tag="008">130627s2014    flu      b    001 0 eng  </controlfield>
  <datafield tag="010" ind1=" " ind2=" ">
    <subfield code="a">  2013025264</subfield>
  </datafield>
  <datafield tag="020" ind1=" " ind2=" ">
    <subfield code="a">9781466562431 (hardback)</subfield>
  </datafield>
  <datafield tag="040" ind1=" " ind2=" ">
    <subfield code="a">DLC</subfield>
    <subfield code="b">eng</subfield>
    <subfield code="c">DLC</subfield>
    <subfield code="e">rda</subfield>
    <subfield code="d">DLC</subfield>
  </datafield>
  <datafield tag="042" ind1=" " ind2=" ">
    <subfield code="a">pcc</subfield>
  </datafield>
  <datafield tag="050" ind1="0" ind2="0">
    <subfield code="a">QA612</subfield>
    <subfield code="b">.S535 2014</subfield>
  </datafield>
  <datafield tag="082" ind1="0" ind2="0">
    <subfield code="a">514.2</subfield>
    <subfield code="b">SHA/B</subfield>
  </datafield>
  <datafield tag="084" ind1=" " ind2=" ">
    <subfield code="a">MAT002000</subfield>
    <subfield code="a">MAT012000</subfield>
    <subfield code="2">bisacsh</subfield>
  </datafield>
  <datafield tag="100" ind1="1" ind2=" ">
    <subfield code="a">Shastri, Anant R.</subfield>
    <subfield code="9">9639</subfield>
  </datafield>
  <datafield tag="245" ind1="1" ind2="0">
    <subfield code="a">Basic algebraic topology /</subfield>
    <subfield code="c">Anant R. Shastri.</subfield>
  </datafield>
  <datafield tag="264" ind1=" " ind2="1">
    <subfield code="a">Boca Raton :</subfield>
    <subfield code="b">Chapman and Hall/CRC,</subfield>
    <subfield code="c">[2014]</subfield>
  </datafield>
  <datafield tag="300" ind1=" " ind2=" ">
    <subfield code="a">xv, 535 pages ;</subfield>
    <subfield code="c">27 cm</subfield>
  </datafield>
  <datafield tag="336" ind1=" " ind2=" ">
    <subfield code="a">text</subfield>
    <subfield code="2">rdacontent</subfield>
  </datafield>
  <datafield tag="337" ind1=" " ind2=" ">
    <subfield code="a">unmediated</subfield>
    <subfield code="2">rdamedia</subfield>
  </datafield>
  <datafield tag="338" ind1=" " ind2=" ">
    <subfield code="a">volume</subfield>
    <subfield code="2">rdacarrier</subfield>
  </datafield>
  <datafield tag="504" ind1=" " ind2=" ">
    <subfield code="a">Includes bibliographical references (pages 525-529) and index.</subfield>
  </datafield>
  <datafield tag="520" ind1=" " ind2=" ">
    <subfield code="a">"Thoroughly classroom-tested, this self-contained text teaches algebraic topology to students at the MSc and PhD levels, taking them all the way to becoming algebraic topologists. Requiring basic training in point set topology, linear algebra, and group theory, the book includes historical remarks to make the subject more meaningful to students. Also suitable for researchers, it provides references for further reading, presents full proofs of all results, and includes numerous exercises"--</subfield>
    <subfield code="c">Provided by publisher.</subfield>
  </datafield>
  <datafield tag="520" ind1=" " ind2=" ">
    <subfield code="a">"PREFACE This book is intended for a 2-semester first course in algebraic topology, though I would recommend not to try to cover the whole thing in two semesters. A glance through the contents page will tell the reader that the selection of topics is quite standard whereas the sequencing of them may not be so. The material in the first five chapters are very basic and quite enough for a semester course. A teacher can afford to be a little choosy in selecting exactly which sections (s)he may want to teach. There is more freedom in choice of materials to be taught from latter chapters. It goes without saying that these materials demand much higher mathematical maturity than the first five chapters. Also, this is where some knowledge of differential manifolds helps to understand the material better. The book can be adopted as a text for M.Sc./B.Tech./M.Tech./Ph.D. students. We assume that the readers of this book have gone through a semester course each in real analysis, and point-set-topology and some basic algebra. It is desirable that they also had a course in differential topology or concurrently study such a course but that is necessary only at a few sections. There are exercises at the end of many sections and at the end of first five chapters. Most of these exercises are part of the main material and working through them is an essential part of learning. However, it is not necessary that a student gets the right answers before proceeding further. Indeed, it is not a good idea to get stuck with a problem for too long--keep going further and come back to them later. There is a hint/solution manual for them at the end of the book for some selected exercises, especially for those which are being used in a later section, so as to make"--</subfield>
    <subfield code="c">Provided by publisher.</subfield>
  </datafield>
  <datafield tag="650" ind1=" " ind2="0">
    <subfield code="a">Algebraic topology</subfield>
    <subfield code="v">Textbooks.</subfield>
  </datafield>
  <datafield tag="650" ind1=" " ind2="7">
    <subfield code="a">MATHEMATICS / Algebra / General.</subfield>
    <subfield code="2">bisacsh</subfield>
  </datafield>
  <datafield tag="650" ind1=" " ind2="7">
    <subfield code="a">MATHEMATICS / Geometry / General.</subfield>
    <subfield code="2">bisacsh</subfield>
  </datafield>
  <datafield tag="906" ind1=" " ind2=" ">
    <subfield code="a">7</subfield>
    <subfield code="b">cbc</subfield>
    <subfield code="c">orignew</subfield>
    <subfield code="d">1</subfield>
    <subfield code="e">ecip</subfield>
    <subfield code="f">20</subfield>
    <subfield code="g">y-gencatlg</subfield>
  </datafield>
  <datafield tag="942" ind1=" " ind2=" ">
    <subfield code="2">ddc</subfield>
    <subfield code="c">BK</subfield>
    <subfield code="h">514.2</subfield>
    <subfield code="i">SHA/B</subfield>
    <subfield code="k">514.2</subfield>
    <subfield code="m">SHA/B</subfield>
  </datafield>
  <datafield tag="952" ind1=" " ind2=" ">
    <subfield code="0">0</subfield>
    <subfield code="1">0</subfield>
    <subfield code="2">ddc</subfield>
    <subfield code="4">0</subfield>
    <subfield code="7">0</subfield>
    <subfield code="8">MATHEMATICS</subfield>
    <subfield code="a">MES</subfield>
    <subfield code="b">MES</subfield>
    <subfield code="c">MAT</subfield>
    <subfield code="d">2023-09-29</subfield>
    <subfield code="l">0</subfield>
    <subfield code="o">514.2 SHA/B</subfield>
    <subfield code="p">42660</subfield>
    <subfield code="r">2023-09-29 15:42:28</subfield>
    <subfield code="v">3595.00</subfield>
    <subfield code="w">2023-09-29</subfield>
    <subfield code="y">BK</subfield>
    <subfield code="z">GL23R4</subfield>
  </datafield>
  <datafield tag="999" ind1=" " ind2=" ">
    <subfield code="c">42367</subfield>
    <subfield code="d">42367</subfield>
  </datafield>
</record>
